ბათუმის შოთა რუსთაველის სახელმწიფო უნივერსიტეტის ბიბლიოთეკა

საგადასახადო ორგანოების მოხელეთა საკვალიფიკაციო გამოცდებისათვის მოსამზადებელი სასწავლო კურსი / (ბიბ.ჩანაწერი № 59487)

000 -ლიდერი
ფიქსირებული სიგრძის საკონტროლო ველი 01099nam a22001937a 4500
003 - საკონტროლო ნომრის იდენტიფიკატორი
საკონტროლო ველი Ge_BSU
005 - ბოლო ოპერაციის თარიღი და დრო
საკონტროლო ველი 20230301120426.0
008 - ფიქსირებული სიგრძის მონაცემთა ელემენტები - ზოგადი ინფორმაცია
ფიქსირებული სიგრძის საკონტროლო ველი 230228sწ.ა xxu||||| |||| 00| 0 geo d
041 ## - ენის კოდი
Language code of text/sound track or separate title geo
080 ## - უნივერსალური ათობითი კლასიფიკაციის ინდექსი
Universal Decimal Classification number 331.108:336.22+347.736 ს-14
245 ## - ცნობა სათაურის შესახებ
Title საგადასახადო ორგანოების მოხელეთა საკვალიფიკაციო გამოცდებისათვის მოსამზადებელი სასწავლო კურსი /
Statement of responsibility, etc საია.
264 ## - წარმოების, გამოცემის, დისტრიბუციის და სხვა ცნობები
გამოცემის, წარმოების, დისტრიბუციის... ადგილი [თბილისი],
გამოცემის, წარმოების, დისტრიბუციის... თარიღი წ.ა.
300 ## - ფიზიკური აღწერა
Extent 174 გვ. ;
Other physical details 20 სმ.
504 ## - BIBLIOGRAPHY, ETC. NOTE
Bibliography, etc ბიბლიოგრ.: გვ. 174.
653 ## - INDEX TERM--UNCONTROLLED
Uncontrolled term საგადასახადო მოხელეთა კვალიფიკაცის ამაღლება
653 ## - INDEX TERM--UNCONTROLLED
Uncontrolled term საგადასახადო მოხელეთა ატესტაცია
710 ## - ADDED ENTRY--CORPORATE NAME
Corporate name or jurisdiction name as entry element საქართველოს ახალგაზრდა იურისტთა ასოციაცია (საია)
9 (RLIN) 16851
942 ## - ADDED ENTRY ELEMENTS (KOHA)
Source of classification or shelving scheme
Koha item type წიგნი
ეგზემპლარები
ჩამოწერის სტატუსი დაკარგული ეგზემპლარის სტატუსი კლასიფიკაციის წყარო ან თაროზე გაწყობის სქემა დაზიანების სტატუსი არ გაიცემა მუდმივი მდებარეობა (დაცვის ადგილი) ამჟამინდელი ადგილსამყოფელი თაროზე განთავსების ადგილი შეძენის თარიღი ღირებულება, შესყიდვის ნორმალური ფასი სრული შენახვის შიფრი შტრიხკოდი ბოლო ოპერაციის თარიღი ეგზემპლარის მიმდევრობითი ნომერი (კეტერი?) ფასის ძალაში შესვლის თარიღი ეგზემპლარის სახეობა საჯარო შენიშვნა
          ბათუმის შოთა რუსთაველის სახელმწიფო უნივერსიტეტის მთავარი ბიბლიოთეკა ბათუმის შოთა რუსთაველის სახელმწიფო უნივერსიტეტის მთავარი ბიბლიოთეკა წიგნსაცავი 2023-02-28 5.00 331.108:336.22+347.736 ს-14 63920 2023-02-28 63920 2023-02-28 წიგნი 5 ლ.
          ბათუმის შოთა რუსთაველის სახელმწიფო უნივერსიტეტის მთავარი ბიბლიოთეკა ბათუმის შოთა რუსთაველის სახელმწიფო უნივერსიტეტის მთავარი ბიბლიოთეკა წიგნსაცავი 2023-02-28 5.00 331.108:336.22+347.736 ს-14 63921 2023-02-28 63921 2023-02-28 წიგნი 5 ლ.